Biblioteca

Seeking God : (Registro nro. 66446)

Detalles MARC
000 -LÍDER
Campo fijo de descripción fija 01274pam a2200385 i 4500
001 - NÚMERO DE CONTROL
Campo de control 768714001
003 - IDENTIFICADOR DEL NÚMERO DE CONTROL
Campo de control CO-MdFUSB
005 - FECHA Y HORA DE LA ULTIMA TRANSACCIÓN
control field 20210429124541.0
007 - CAMPO FIJO DE DESCRIPCIÓN FIJA--INFORMACIÓN GENERAL
Campo fijo de descripción fija ta
008 - ELEMENTOS DE LONGITUD FIJA -- INFORMACIÓN GENERAL
Campo fijo de descripción fija -- Información general 970804t19841984mnu b 000 0 eng
010 ## - NÚMERO DE CONTROL DE LA BIBLIOTECA DEL CONGRESO
Número de control LC 84020192
020 ## - NÚMERO INTERNACIONAL NORMALIZADO PARA LIBROS
Número Internacional Normalizado del libro 0814613888
040 ## - FUENTE DE CATALOGACIÓN
Agencia de catalogación original DLC
Agencia que realiza la transcripción CO-MdFUSB
Agencia que realiza la modificación CAP
-- CO-MdFUSB
-- UtOrBLW
Idioma de catalogación spa
Convenciones de la descripción rda
041 ## - CÓDIGO DE IDIOMA
Código de idioma para texto/pista de sonido o título separado eng
082 ## - NÚMERO DE CLASIFICACIÓN DECIMAL DEWEY
Número de la edición del Dewey 23
Número de clasificación 255.106
Clave de autor-Numero de item D515
090 ## - SIGNATURA TOPOGRÁFICA LOCAL
Número de clasificación local BX3004.Z5
100 1# - ASIENTO PRINCIPAL--NOMBRE PERSONAL
Nombre personal De Waal, Esther.
Término relacionador autor
245 10 - TÍTULO
Título del Material Seeking God :
Parte restante del título - Subtitulo the way of St. Benedict
Mención de responsabilidad, etc. / Esther de Waal
264 #1 - PRODUCCIÓN, PUBLICACIÓN, DISTRIBUCIÓN, MANUFACTURA, Y COPYRIGHT
Lugar de producción, publicación, distribución, manufactura Collegeville, Minn. :
Nombre del productor, publicador, distribuidor Liturgical Press,
Fecha de producción, publicación, distribución, manufactura, o copyright [1984]
264 #4 - PRODUCCIÓN, PUBLICACIÓN, DISTRIBUCIÓN, MANUFACTURA, Y COPYRIGHT
Fecha de producción, publicación, distribución, manufactura, o copyright © 1984.
300 ## - DESCRIPCIÓN FÍSICA
Extensión 160 páginas ;
Dimensiones 20 cm.
336 ## - TIPO DE CONTENIDO
Término de tipo de contenido texto
Código de tipo de contenido txt
Fuente rdacontent.
337 ## - TIPO DE MEDIO
Nombre del tipo de medio sin mediación
Código del tipo de medio n
Fuente rdamedia.
338 ## - TIPO DE SOPORTE
Nombre del tipo de soporte volumen
Código Tipo de soporte nc
Fuente rdacarrier.
504 ## - NOTA DE BIBLIOGRAFÍA, ETC.
Nota de bibliografía, etc Incluye referencias bibliográficas.
505 ## - NOTA DE CONTENIDO
Nota de contenido con formato preestablecido San Benito - La invitación - Escuchar - Estabilidad - Cambio - Equilibrio - Cosas materiales - Gente - Autoridad - Orar.
563 ## - NOTA DE ENCUADERNACIÓN
Nota de encuadernación Rústico
600 00 - ASIENTO SECUNDARIO DE MATERIA - NOMBRE PERSONAL
Nombre personal Benedict,
Títulos y otros términos asociados al nombre Saint, Abbot of Monte Cassino.
Título de la obra Regula.
653 ## - TÉRMINO DE INDIZACIÓN - NO CONTROLADO
Término no controlado Monasticismo y órdenes religiosas - Reglas.
653 ## - TÉRMINO DE INDIZACIÓN - NO CONTROLADO
Término no controlado Ordenes religiosas -- Benedictinos.
942 ## - TIPO DE MATERIAL (KOHA)
Tipo de Item KOHA Libros General
945 ## - INFORMACIÓN LOCAL DEL REGISTRO
Catalogador JTF-925
Existencias
Estado de Material Estado de Perdido Forma de Clasificación Estado de Dañado No para Préstamo Colección Biblioteca de Origen Biblioteca Permanente Fecha de Adquisición Área Total de Préstamos Signatura Topográfica Código de Barras Última vez visto Ejemplar/Existencia Fecha de Remplazo Tipo de Material
    Dewey Decimal Classification     Colección General Biblioteca FUSBC Biblioteca FUSBC 06/07/2020 VIDA CRISTIANA   G 255.106 D515s 14847 06/07/2020 Ej.1 06/07/2020 Libros General

Biblioteca FUSBC | Teléfono: (57+4) 349 88 10 Ext. 141| WhatsApp (+57) 3005338115 
E-mail: biblioteca@unisbc.edu.co | Calle 76 87-14 Robledo Palenque, Medellín, Colombia

Con tecnología Koha